Antología poética /

Hlavní autor: Fischerová, Viola, 1935-2010
Jazyk: Španělština
Vydáno: Vitoria-Gasteiz : Bassarai , 2007
Vydání: 1e ed.
Edice: Poesia Bassarai
Témata:
Fyzický popis: 141 s. ; 22 cm
Knihy
Uloženo v:
LEADER 00997nam a2200313 a 4500
001 000866446
003 CZ BrMZK
005 20070927103550.0
007 ta
008 070919s2007 sp g 000 p spa
020 |z 978-84-96636-12-5  |q (brož.) 
040 |a BOA001  |b cze 
041 1 |a spa  |h cze 
072 7 |a 821.162.3-1  |x Česká poezie  |2 Konspekt  |9 25 
080 |a 821.162.3-1  |2 MRF 
080 |a (0:82-1)  |2 MRF 
100 1 |a Fischerová, Viola,  |d 1935-2010  |7 jk01031308  |4 aut 
245 1 0 |a Antología poética /  |c Viola Fischerová ; traducción de Elena Buixaderas 
250 |a 1e ed. 
260 |a Vitoria-Gasteiz :  |b Bassarai ,  |c 2007 
300 |a 141 s. ;  |c 22 cm 
490 1 |a Poesia Bassarai ;  |v 46 
500 |a Přeloženo z češtiny 
655 7 |a česká poezie  |7 fd133958  |2 czenas 
830 0 |a Poesia Bassarai 
910 2 |a BOA001  |b M2-1191.994 
990 |a BK 
991 |b 200709 
996 7 |b 2610320011  |c M2-1191.994  |l MZK  |r Sklad / do 24 hodin  |n 0  |p dar  |w 000866446  |u 000010  |a 1  |e BOA001  |j MZK50  |s A